Synopsis of Medical Instruments & Procedures (Record no. 1868)
[ view plain ]
| 000 -LEADER | |
|---|---|
| Fixed length control field | 00808nam a22002297a 4500 |
| 003 - CONTROL NUMBER IDENTIFIER | |
| Control field | IIN |
| 005 - DATE AND TIME OF LATEST TRANSACTION | |
| Control field | 20250826103843.0 |
| 008 - FIXED-LENGTH DATA ELEMENTS--GENERAL INFORMATION | |
| Fixed length control field | 250826s2025 |||ad||| |||| 001 0 eng d |
| 020 ## - INTERNATIONAL STANDARD BOOK NUMBER / ISBN | |
| International Standard Book Number | 9789356968387 |
| Price | 795.00 |
| 040 ## - CATALOGING SOURCE | |
| Original cataloging agency | IIN |
| 082 ## - DEWEY DECIMAL CLASSIFICATION NUMBER | |
| Classification number | 610.28 |
| Book Number | ARO |
| 100 ## - MAIN ENTRY--PERSONAL NAME | |
| Personal name | Arora, Varinder Singh |
| 245 ## - TITLE STATEMENT | |
| Title | Synopsis of Medical Instruments & Procedures |
| Statement of responsibility | Varinder Singh Arora and Arun Yadav |
| 250 ## - EDITION STATEMENT | |
| Edition statement | 4rth ed. |
| 260 ## - IMPRINT | |
| Place of publication | New Delhi |
| Name of publisher | Jaypee Brothers Medical Publishers |
| Date of publication | 2025 |
| 300 ## - PHYSICAL DESCRIPTION | |
| Page / Vol. No | xxii, 338 p. |
| Other physical details | Col. ill. |
| 500 ## - GENERAL NOTE | |
| General note | Includes Index |
| 505 ## - CONTENTS NOTE | |
| Contents note | Including Surgical, Medical, Orthopedics, ENT, Obs. & Gyne., Anesthesia, Opthelmology Instruments, Bandages, Minor Operations: Techniques & Management |
| 650 ## - SUBJECT ADDED ENTRY--TOPICAL TERM | |
| Topical term | Medical Surgical |
| Form subdivision | Instruments |
| General subdivision | Nursing |
| 700 ## - ADDED ENTRY--PERSONAL NAME | |
| Personal name | Yadav, Arun |
| 942 ## - ADDED ENTRY ELEMENTS (KOHA) | |
| Koha item type | Books |
| Withdrawn status | Lost status | Source of classification | Damaged status | Not for loan | Collection code | Home library | Current library | Shelving location | Date acquired | Price | Total Checkouts | Call number | Accession number | Date last seen | Price effective from | Koha item type |
|---|---|---|---|---|---|---|---|---|---|---|---|---|---|---|---|---|
| Dewey Decimal Classification | Purches Book | IDEAL INSTITUTE OF NURSING | IDEAL INSTITUTE OF NURSING | General Stacks | 11/04/2025 | 795.00 | 610.28 ARO | 2118 | 26/08/2025 | 26/08/2025 | Books |
